000 00507nam a2200181 i 4500
001 bgj
100 1 _aBOULTON, Marjorie.
245 1 0 _aZamenhof :
_bcreator of esperanto /
_cMarjorie Boulton.
260 _aLondon :
_bRoutledge and Kegan Paul,
_c[1960].
300 _a223 pp :
_bill. ;
_c22 cm.
505 _aIncludes index.
600 1 9 _aZamenhof, Ludwik Lazar, 1859-1917
650 9 _aEsperanto
_xHistory
040 _cBPK
041 0 _aeng
942 _cKS
008 s uk f |000 0 eng
999 _c47473
_d47473
856 _uhttp://koha.tu.koszalin.pl/cgi-bin/koha/opac-detail.pl?biblionumber=47473
_yKatalog online BPK